000 00715nam a2200289Ia 4500
005 20260324142326.0
008 008 260324s9999 xx 000 0 eng d
020 _a9780429496264
037 _aEBOOK
040 _aCRL
040 _beng
040 _cCRL
041 _2eng
041 _aeng
084 _qCRL
100 _aClifford J Rogers
_91211538
245 4 _aThe Military Revolution Debate
245 0 _bReadings On The Military Transformation Of Early Modern Europe
260 _bTaylor and Francis
260 _c1995
365 _a
365 _b230
856 _uhttp://www.taylorfrancis.com/books/9780429496264
942 _cEBOOK
999 _c1815573
_d1815573